[Event "Aragon-chT Preferente B"]
[Site "Aragon"]
[Date "2013.03.02"]
[Round "6.67"]
[White "Gayan Carceller, Miguel Angel"]
[Black "Sierra Aguerri, Joaquin"]
[Result "0-1"]
[WhiteElo "1875"]
[BlackElo "1978"]
[PlyCount "104"]
[EventDate "2013.01.26"]
[EventType "team"]
[EventRounds "9"]
[EventCountry "ESP"]
[SourceTitle "EXT 2014"]
[Source "ChessBase"]
[SourceDate "2013.11.20"]
[SourceVersion "1"]
[SourceVersionDate "2013.11.20"]
[SourceQuality "1"]
[WhiteTeam "Aragon ONCE II"]
[BlackTeam "Tauste"]
[WhiteTeamCountry "ESP"]
[BlackTeamCountry "ESP"]

1. d4 e6 2. Nf3 f5 3. Bg5 Nf6 4. e3 b6 5. Ne5 Bb7 6. Nd2 d6 7. Bb5+ c6 8. Bd3 dxe5 9. dxe5 h6 10. Bh4 g5 11. exf6 gxh4 12. Qh5+ Kd7 13. Qf7+ Kc8 14. Bc4 Nd7 15. Bxe6 Kc7 16. 0-0-0 Qe8 17. Qxe8 Rxe8 18. Bxf5 Nxf6 19. e4 Bd6 20. g3 Bc5 21. f3 Ba6 22. c4 Be3 23. b3 Rhg8 24. g4 h3 25. Kc2 Bf4 26. Nf1 Rd8 27. Re1 Rge8 28. Ng3 b5 29. Ne2 Bd6 30. Nd4 Bb4 31. Rd1 Rd6 32. cxb5 cxb5 33. Rd3 Kb6 34. Rhd1 Bc5 35. Ne2 Rxd3 36. Rxd3 b4 37. Rd2 Bxe2 38. Rxe2 Bd6 39. Kd3 Be5 40. Ke3 Rd8 41. f4 Bd4+ 42. Kf3 Bc3 43. e5 Ng8 44. Bh7 Ne7 45. f5 Rh8 46. Bg6 Nxg6 47. fxg6 Re8 48. g7 Kc7 49. Kf4 Rg8 50. e6 Kd8 51. Re3 Bd2 52. Kf5 Bxe3 0-1

[Event "Aragon-chT Preferente A"]
[Site "Aragon"]
[Date "2012.03.31"]
[Round "9.33"]
[White "Sierra Aguerri, Joaquin"]
[Black "Lana Rodriguez, David"]
[Result "0-1"]
[WhiteElo "2086"]
[BlackElo "2243"]
[PlyCount "78"]
[EventDate "2012.02.04"]
[EventType "team"]
[EventRounds "9"]
[EventCountry "ESP"]
[SourceTitle "EXT 2014"]
[Source "ChessBase"]
[SourceDate "2013.11.20"]
[SourceVersion "1"]
[SourceVersionDate "2013.11.20"]
[SourceQuality "1"]
[WhiteTeam "Tauste"]
[BlackTeam "Helios"]
[WhiteTeamCountry "ESP"]
[BlackTeamCountry "ESP"]

1. e4 e6 2. d4 d5 3. exd5 exd5 4. Bd3 Nc6 5. Ne2 Bd6 6. c3 Qf6 7. Be3 Nge7 8. Qd2 Bf5 9. Bf4 Bxd3 10. Bxd6 Bxe2 11. Bxe7 Nxe7 12. Qxe2 0-0-0 13. Nd2 Ng6 14. 0-0 h5 15. Rfe1 Nf4 16. Qe5 Qxe5 17. Rxe5 Nd3 18. Re3 Nxb2 19. Rae1 Na4 20. Re7 Rd7 21. R7e3 b5 22. Kf1 Rh6 23. Rg3 f6 24. Re8+ Kb7 25. h4 c6 26. Nb3 Kc7 27. f4 g5 28. fxg5 fxg5 29. Rxg5 Nxc3 30. Nc5 Rf7+ 31. Ke1 Nxa2 32. Rgg8 Kb6 33. Rg3 Rhf6 34. Ra3 Nb4 35. Rb8+ Kc7 36. Rb7+ Kc8 37. Rxf7 Rxf7 38. Ke2 Rf4 39. Rxa7 Rxd4 0-1

[Event "Aragon-chT Preferente A"]
[Site "Aragon"]
[Date "2012.03.17"]
[Round "7.37"]
[White "Sierra Aguerri, Joaquin"]
[Black "Dominguez Bujeda, Jesus"]
[Result "0-1"]
[WhiteElo "2086"]
[BlackElo "2127"]
[PlyCount "50"]
[EventDate "2012.02.04"]
[EventType "team"]
[EventRounds "9"]
[EventCountry "ESP"]
[SourceTitle "EXT 2014"]
[Source "ChessBase"]
[SourceDate "2013.11.20"]
[SourceVersion "1"]
[SourceVersionDate "2013.11.20"]
[SourceQuality "1"]
[WhiteTeam "Tauste"]
[BlackTeam "Teruel"]
[WhiteTeamCountry "ESP"]
[BlackTeamCountry "ESP"]

1. e4 c5 2. Nc3 Nc6 3. f4 g6 4. Nf3 Bg7 5. Bc4 e6 6. 0-0 Nge7 7. d3 0-0 8. Qe1 d5 9. Bb3 Nd4 10. Nxd4 cxd4 11. Ne2 dxe4 12. dxe4 a5 13. Qh4 d3 14. cxd3 Qxd3 15. Ng3 a4 16. Rf3 Qd4+ 17. Be3 Qxb2 18. f5 Qxa1+ 19. Nf1 axb3 20. Rh3 h5 21. g4 b2 22. f6 b1Q 23. Rf3 Nf5 24. exf5 Bxf6 25. Bg5 Bd4+ 0-1

[Event "Zaragoza Casablanca op 5th"]
[Site "Zaragoza"]
[Date "2011.12.26"]
[Round "3"]
[White "Antoli Royo, Joaquin Miguel"]
[Black "Sierra Aguerri, Joaquin"]
[Result "1-0"]
[WhiteElo "2410"]
[BlackElo "2068"]
[PlyCount "55"]
[EventDate "2011.12.23"]
[EventType "swiss"]
[EventRounds "9"]
[EventCountry "ESP"]
[SourceTitle "CBM 146 Extra"]
[Source "ChessBase"]
[SourceDate "2012.02.29"]
[SourceVersion "1"]
[SourceVersionDate "2012.02.29"]
[SourceQuality "1"]

1. Nf3 f5 2. g3 Nf6 3. c4 b6 4. Bg2 Bb7 5. 0-0 g6 6. b4 Bg7 7. Bb2 0-0 8. Qb3 h6 9. Nc3 e6 10. d4 d6 11. Rfd1 Qe7 12. c5 Bxf3 13. Bxf3 d5 14. Nxd5 exd5 15. Bxd5+ Nxd5 16. Qxd5+ Kh7 17. Qxa8 Qxe2 18. Bc3 Nd7 19. Qg2 Nf6 20. d5 f4 21. Re1 Qc4 22. Bxf6 fxg3 23. hxg3 Bxf6 24. Rac1 Qxb4 25. d6 bxc5 26. dxc7 Qb6 27. Rb1 Qd6 28. Qb7 1-0

[Event "Aragon-chT Honor I"]
[Site "Spain"]
[Date "2011.02.26"]
[Round "4.2"]
[White "Sierra Aguerri, Joaquin"]
[Black "Antoli Royo, Joaquin Miguel"]
[Result "0-1"]
[WhiteElo "2051"]
[BlackElo "2430"]
[PlyCount "82"]
[EventDate "2011.02.05"]
[EventType "team-tourn"]
[EventRounds "7"]
[EventCountry "ESP"]
[SourceTitle "EXT 2013"]
[Source "ChessBase"]
[SourceDate "2012.11.22"]
[SourceVersion "1"]
[SourceVersionDate "2012.11.22"]
[SourceQuality "1"]
[WhiteTeam "Tauste"]
[BlackTeam "Jaime Casas"]
[WhiteTeamCountry "ESP"]
[BlackTeamCountry "ESP"]

1. e4 c5 2. Nc3 Nc6 3. f4 e6 4. Nf3 Nge7 5. Bc4 d5 6. Bb3 a6 7. d3 b5 8. a3 dxe4 9. dxe4 Qxd1+ 10. Nxd1 Bb7 11. c3 Nc8 12. Bc2 Nb6 13. b3 Be7 14. Be3 0-0 15. Nf2 Rac8 16. Ke2 f5 17. e5 Nd5 18. Bd2 Rfd8 19. Rhc1 Rd7 20. h4 Rcd8 21. Rd1 a5 22. Bd3 Ba6 23. Rab1 c4 24. bxc4 bxc4 25. Bc2 Bxa3 26. Ba4 Nde7 27. Rb6 Bb7 28. Rdb1 Ba8 29. Be3 Nd5 30. Rxc6 Nxc3+ 31. Ke1 Bxc6 32. Bxc6 Nxb1 33. Bb6 Bb4+ 34. Ke2 c3 35. Bxd8 Rxd8 36. Ba4 Na3 37. Nd3 h6 38. Nfe1 Kf7 39. h5 Ke7 40. Ke3 Nc4+ 41. Ke2 Nb2 0-1

[Event "Aragon-chT Preferente"]
[Site "Spain"]
[Date "2010.03.20"]
[Round "9.37"]
[White "Malo Guillen, Jose Luis"]
[Black "Sierra Aguerri, Joaquin"]
[Result "1/2-1/2"]
[WhiteElo "2162"]
[BlackElo "2014"]
[PlyCount "24"]
[EventDate "2010.01.23"]
[EventType "team-swiss"]
[EventRounds "12"]
[EventCountry "ESP"]
[SourceTitle "EXT 2013"]
[Source "ChessBase"]
[SourceDate "2012.11.22"]
[SourceVersion "1"]
[SourceVersionDate "2012.11.22"]
[SourceQuality "1"]
[WhiteTeam "Las Fuentes"]
[BlackTeam "Tauste"]
[WhiteTeamCountry "ESP"]
[BlackTeamCountry "ESP"]

1. Nf3 e6 2. g3 b6 3. Bg2 Bb7 4. 0-0 f5 5. d3 Nf6 6. e4 fxe4 7. Ng5 Be7 8. dxe4 0-0 9. e5 Bxg2 10. Kxg2 Nd5 11. Qh5 Bxg5 12. Bxg5 Rf5 1/2-1/2